|
|
|
|
| LEADER |
01727nam a22003494a 4500 |
| 001 |
30783 |
| 003 |
BD-DhAAL |
| 005 |
20181209090239.0 |
| 008 |
100727r20102012nyu b 001 0 eng |
| 999 |
|
|
|c 35826
|d 35826
|
| 010 |
|
|
|a 2010483091
|
| 020 |
|
|
|a 9780199571673 (pbk. : alk. paper)
|
| 040 |
|
|
|a DLC
|c DLC
|d BD-DhAAL
|
| 050 |
0 |
0 |
|a KF280
|b .S64 2010
|
| 082 |
0 |
0 |
|a 340.071173
|2 22
|
| 100 |
1 |
|
|a Snape, John.
|9 15519
|
| 245 |
1 |
0 |
|a How to moot :
|b a student guide to mooting /
|c John Snape, Gary Watt.
|
| 246 |
3 |
0 |
|a Student guide to mooting
|
| 250 |
|
|
|a 2nd edition
|
| 260 |
|
|
|a New York :
|b Oxford University Press,
|c 2010 [reprinted 2012].
|
| 300 |
|
|
|a xxiii, 244 pages ;
|c 24 cm.
|
| 504 |
|
|
|a Includes bibliographical references (pages [225]-231) and index.
|
| 505 |
0 |
|
|a The nature and attraction of mooting -- Participants and the parts they play -- Producing a persuasive presentation -- Choice and use of authorities -- Performance : the basics -- Professional practice -- Style -- Judge and judgment -- Authorities : advanced considerations -- Competitions.
|
| 541 |
|
|
|e 30783
|
| 650 |
|
0 |
|a Case method.
|9 1474
|
| 650 |
|
0 |
|a Moot courts.
|9 15520
|
| 650 |
|
0 |
|a Law
|x Study and teaching.
|9 15521
|
| 700 |
1 |
|
|a Watt, Gary.
|9 15522
|
| 852 |
|
|
|a Ayesha Abed Library
|c General Stacks
|
| 942 |
|
|
|2 ddc
|c BK
|
| 952 |
|
|
|0 0
|1 0
|2 ddc
|4 0
|6 340_071173000000000_SNA
|7 0
|9 57423
|a BRACUL
|b BRACUL
|c GEN
|d 2015-12-30
|e Karim International
|g 2760.00
|l 9
|m 99
|o 340.071173 SNA
|p 3010030783
|q 2026-06-02
|r 2026-02-18
|s 2026-02-18
|t 1
|w 2015-12-30
|y BK
|
| 952 |
|
|
|0 0
|1 0
|2 ddc
|4 0
|6 340_071173000000000_SNA
|7 0
|9 59804
|a BRACUL
|b BRACUL
|c GEN
|d 2016-11-15
|e Karim International
|g 3070.00
|l 10
|m 118
|o 340.071173 SNA
|p 3010031442
|r 2026-04-30
|s 2026-02-05
|t 2
|w 2016-11-15
|y BK
|